| 000 | 00407nam a22001337a 4500 | ||
|---|---|---|---|
| 082 |
_a530 _bARO _cL-6, P-17. |
||
| 100 |
_aArora, C.L .M.Sc _939782 |
||
| 245 |
_aMagnetism, electrostatics, electricity & modern physics _cC.L. Arora, M.Sc |
||
| 260 |
_aLucknow: _bPremier Publishing Company, _c1966. |
||
| 300 | _a929 p.: | ||
| 526 |
_a0 _b0 _c0 _d530_000000000000000_ARO |
||
| 650 |
_aMCE _9379 |
||
| 942 |
_2ddc _cBK |
||
| 999 |
_c544214 _d544214 |
||